| 000 | 00634nam a2200217 a 4500 | ||
|---|---|---|---|
| 005 | 20251104063906.0 | ||
| 008 | 030822s2000 mx r 000 0 spa d | ||
| 020 | _a8436814304 | ||
| 035 | _aUPN01000128122 | ||
| 049 | _aCG | ||
| 050 | 4 |
_aRC454 _bB3.7 |
|
| 245 | 0 | 0 |
_aBases biológicas de las psicopatologías / _ccoord. José Francisco Navarro. |
| 260 |
_aMadrid : _bPirámide, _cc2000. |
||
| 300 | _a323 p. | ||
| 440 | 0 | _aPsicología | |
| 650 | 2 |
_aEnfermedades mentales _912828 |
|
| 650 | 2 |
_aTrastornos mentales _915459 |
|
| 650 | 7 |
_aPsicopatología _2 _945619 |
|
| 700 | 1 |
_aNavarro, José Francisco, _ecoord. |
|
| 905 | _aLibro | ||
| 999 |
_c100301 _d100301 |
||